000
00341nam a22001577a 4500
003
SGT
020
_a
9788175993846
082
_a
820,THA
100
_a
THACKERAY
245
_a
VANITY FAIR
250
_a
1ST
260
_a
NEW DELHI
_b
FINGER PRINT CLASSICS
_c
2019
300
_a
655
650
_a
ENGLISH LITERATURS
942
_2
ddc
_c
BK
_0
10
999
_c
19741
_d
19741